[Event "DSOL 08 Liga Gr-B 1st"]
[Site "Playchess.com INT"]
[Date "2020.07.24"]
[Round "5.2"]
[White "Geisler, Florian"]
[Black "Rumel, Immanuel"]
[Result "1-0"]
[WhiteElo "1043"]
[BlackElo "790"]
[PlyCount "49"]
[EventDate "2020.06.22"]
[EventType "team-tourn (rapid)"]
[EventCountry "GER"]
[SourceTitle "EXT 2021"]
[Source "ChessBase"]
[SourceDate "2020.10.23"]
[SourceVersion "1"]
[SourceVersionDate "2020.10.23"]
[SourceQuality "1"]
[WhiteTeam "Niederkassel III"]
[BlackTeam "Paderborn Blauer Springer VI"]
[WhiteTeamCountry "GER"]
[BlackTeamCountry "GER"]

1. e4 c5 2. Nc3 Nc6 3. Nf3 g6 4. d3 Bg7 5. Bf4 e5 6. Bg5 Nf6 7. Nd5 0-0 8. c3 h6 9. Bxf6 Bxf6 10. d4 d6 11. Bb5 Bg4 12. h3 Bxf3 13. Qxf3 a6 14. Nxf6+ Kg7 15. Bxc6 bxc6 16. Ng4 f6 17. Qe3 Qd7 18. Qxh6+ Kf7 19. Qh7+ Ke6 20. d5+ cxd5 21. exd5+ Kxd5 22. Qxd7 Rfb8 23. Ne3+ Ke4 24. Qg4+ Kd3 25. Rd1# 1-0

[Event "DSOL 08 Liga Gr-B 1st"]
[Site "Playchess.com INT"]
[Date "2020.06.23"]
[Round "1.3"]
[White "Brinkmann, David"]
[Black "Rumel, Immanuel"]
[Result "1-0"]
[WhiteElo "1249"]
[BlackElo "790"]
[PlyCount "67"]
[EventDate "2020.06.22"]
[EventType "team-tourn (rapid)"]
[EventCountry "GER"]
[SourceTitle "EXT 2021"]
[Source "ChessBase"]
[SourceDate "2020.10.23"]
[SourceVersion "1"]
[SourceVersionDate "2020.10.23"]
[SourceQuality "1"]
[WhiteTeam "Hollage Rochade"]
[BlackTeam "Paderborn Blauer Springer VI"]
[WhiteTeamCountry "GER"]
[BlackTeamCountry "GER"]

1. e4 c5 2. Nf3 Nc6 3. d4 g6 4. Bf4 Bg7 5. c3 d6 6. Be2 b6 7. 0-0 Nf6 8. Nbd2 0-0 9. a3 Bg4 10. Be3 Qd7 11. b4 cxb4 12. axb4 a5 13. Bb5 axb4 14. cxb4 Rxa1 15. Qxa1 d5 16. Qa4 dxe4 17. Ne5 Qd6 18. Nxc6 Bd7 19. Nxe7+ Qxe7 20. Bg5 Bxb5 21. Qxb5 h6 22. Be3 Ng4 23. Qxb6 Nxe3 24. fxe3 Qg5 25. d5 Qd8 26. Qxd8 Rxd8 27. Nxe4 Rd7 28. d6 Rc7 29. dxc7 f5 30. c8Q+ Kh7 31. Nd6 g5 32. Nxf5 Bc3 33. Qxc3 g4 34. Qg7# 1-0